000 00749nam a2200229 a 4500
001 84064
003 BD-RjUL
005 20241002124134.0
008 241002s1977 ii ||||| |||| 00| 0 ben d
035 _a(BD-RjUL)84064
040 _aBD-RjUL
_beng
_cBD-RjUL
041 _aben
082 _223
_a567.8
_bMIA 1977
100 _aমিত্র, বিশ্বনাথ
_913670
245 _aঅ্যামফিবিয়া, রেপটিলিয়া /
_cবিশ্বনাথ মিত্র
300 _a৩০৫ পৃ.:
_bচিত্রসমূহ;
_c২২ সেমি.
650 _aউভচর
_913671
650 _aAmphibians
_913672
650 _aসরীসৃপ
_913673
650 _aReptiles
_913674
942 _2ddc
_cBK
999 _c84064
_d84064